000 00696nam a2200253 i 4500
001 C2-0331639
003 PPAK
005 20180728132008.0
008 150625s2015 my |||| ||||| | may d
020 _a9789678604871
040 _aPPAK
_beng
_cPPAK
_erda
082 0 4 _a899.233
_223
090 0 0 _a899.233
_bBAT
_dG
100 0 _aBatiah Hadi,
_eauthor
245 1 0 _aFaris love Layla
264 1 _aShah Alam, Selangor :
_bGrup Buku Karangkraf Sdn. Bhd. ,
_c2015
300 _a603 pages ;
_c18 cm
336 _2rdacontent
_atext
337 _2rdamedia
_aunmediated
338 _2rdacarrier
_avolume
650 1 0 _aMalay fiction.
700 0 _aNorlizawati Yaakob,
_eeditor
942 _ddc
_cB
999 _c130353
_d130353